000 00360nam a2200133 i 4500
001 bg
100 1 _aHIRSCH, Sigrid
245 0 _aStand der Anwendung des Sichtlochkartenverfahrens i der Information Dokumentation /
_cSigrid Hirsch.
260 _aBerlin,
_c1966.
040 _cBPK
041 _apol
942 _cKS
008 s pl f |000 0 pol
999 _c13295
_d13295
856 _uhttp://koha.tu.koszalin.pl/cgi-bin/koha/opac-detail.pl?biblionumber=13295
_yKatalog online BPK